Surgery (Record no. 2908)

000 -LEADER
fixed length control field 00682nam a22002297a 4500
003 - CONTROL NUMBER IDENTIFIER
control field OSt
005 - DATE AND TIME OF LATEST TRANSACTION
control field 20210726091949.0
008 - FIXED-LENGTH DATA ELEMENTS--GENERAL INFORMATION
fixed length control field 210726b ||||| |||| 00| 0 eng d
020 ## - INTERNATIONAL STANDARD BOOK NUMBER
International Standard Book Number -
040 ## - CATALOGING SOURCE
Transcribing agency ALUPE UNIVERSITY
050 ## - LIBRARY OF CONGRESS CALL NUMBER
Classification number RC10
Item number .A1 1984
100 ## - MAIN ENTRY--PERSONAL NAME
Personal name Peter Bewes
245 ## - TITLE STATEMENT
Title Surgery
Remainder of title a manual for rural health workers
260 ## - PUBLICATION, DISTRIBUTION, ETC.
Place of publication, distribution, etc. Nairobi, Kenya
Name of publisher, distributor, etc. African Medical and Research Foundation
Date of publication, distribution, etc. ©1984.
300 ## - PHYSICAL DESCRIPTION
Extent 359p
440 ## - SERIES STATEMENT/ADDED ENTRY--TITLE
Title Rural health series, 14.
500 ## - GENERAL NOTE
General note index incl.
650 ## - SUBJECT ADDED ENTRY--TOPICAL TERM
Topical term or geographic name entry element Surgery -- Handbooks, manuals, etc.
650 ## - SUBJECT ADDED ENTRY--TOPICAL TERM
Topical term or geographic name entry element Surgery.
650 ## - SUBJECT ADDED ENTRY--TOPICAL TERM
Topical term or geographic name entry element Primary health care -- Developing countries
942 ## - ADDED ENTRY ELEMENTS (KOHA)
Source of classification or shelving scheme
Koha item type Book
Suppress in OPAC DO
Holdings
Withdrawn status Lost status Source of classification or shelving scheme Damaged status Not for loan Permanent Location Current Location Shelving location Date acquired Source of acquisition Total Checkouts Full call number Barcode Date last seen Copy number Price effective from Koha item type Public note
          AU LIBRARY AU LIBRARY Open Shelf 26.07.2021 Donation from Moi University   RC10 .A1 1984 C1 28003321 26.07.2021 1 26.07.2021 Book DO
          AU LIBRARY AU LIBRARY Open Shelf 26.07.2021 Donation from Alupe university   RC10 .A1 1984 C2 28003320 26.07.2021 2 26.07.2021 Book DO

Powered by Koha